000 00278nam a22001337a 4500
008 170721b xxu||||| |||| 00| 0 eng d
020 _a9780672301889
041 _aeng
080 _a004
100 _a29
101 _aSHKI
245 _aC++ PRIMER
_cSWAN, T
942 _2udc
_cBK
999 _c21775
_d21775